000 00254nam a22000977a 4500
008 221031b |||||||| |||| 00| 0 eng d
020 _a9789355951328
100 _aOswaal
_97599
245 _aCBSE OSWAAL ( SOCIAL SCIENCE)-10
260 _aUP
_bOswaal
_c2022-2023
999 _c12099
_d12099